[Event "Kemerovo op"]
[Site "Kemerovo"]
[Date "2013.07.28"]
[Round "9"]
[White "Romanova, Anastasia"]
[Black "Ponomarenko, Natalia"]
[Result "1-0"]
[WhiteElo "1994"]
[BlackElo "1937"]
[PlyCount "43"]
[EventDate "2013.07.22"]
[EventType "swiss"]
[EventRounds "9"]
[EventCountry "RUS"]
[SourceTitle "EXT 2014"]
[Source "ChessBase"]
[SourceDate "2013.11.20"]
[SourceVersion "1"]
[SourceVersionDate "2013.11.20"]
[SourceQuality "1"]

1. Nf3 d5 2. d4 Nf6 3. c4 c6 4. Nc3 e6 5. e3 Be7 6. Bd3 0-0 7. 0-0 Nbd7 8. e4 dxe4 9. Nxe4 Nxe4 10. Bxe4 Nf6 11. Bc2 b6 12. Bg5 Qc7 13. Qd3 g6 14. Ne5 c5 15. Rfe1 Rd8 16. Qf3 Bb7 17. d5 Kg7 18. Nxf7 exd5 19. Nxd8 Rxd8 20. Re6 Rf8 21. Rae1 Rf7 22. Rxe7 1-0

[Event "Kuzbass-ch"]
[Site "Kemerovo"]
[Date "2010.10.30"]
[Round "9"]
[White "Ponomarenko, Natalia"]
[Black "Lykov, Vasili"]
[Result "0-1"]
[WhiteElo "1926"]
[BlackElo "2134"]
[PlyCount "90"]
[EventDate "2010.10.23"]
[EventType "swiss"]
[EventRounds "9"]
[EventCountry "RUS"]
[SourceTitle "EXT 2011"]
[Source "ChessBase"]
[SourceDate "2010.11.26"]
[SourceVersion "1"]
[SourceVersionDate "2010.11.26"]
[SourceQuality "1"]

1. d4 Nf6 2. Nf3 g6 3. c4 c5 4. Nc3 cxd4 5. Nxd4 Nc6 6. e4 d6 7. Be2 Bg7 8. f3 Nxd4 9. Qxd4 0-0 10. 0-0 Be6 11. Qd3 Rc8 12. Nd5 Nd7 13. Rb1 Nc5 14. Qd1 a5 15. b3 f5 16. Bg5 Rf7 17. Bd3 h6 18. Be3 Bd7 19. exf5 gxf5 20. f4 e6 21. Bxc5 dxc5 22. Ne3 Bc6 23. Nc2 Rd7 24. Ne1 Be4 25. Qe2 Bxd3 26. Nxd3 Rxd3 27. Qxe6+ Kh8 28. Qxf5 Qd4+ 29. Kh1 Rf8 30. Qg6 Rd2 31. f5 Qf6 32. Qg4 b6 33. Rbe1 Qg5 34. Qxg5 hxg5 35. Re6 Rxf5 36. Rfe1 Rf6 37. R6e5 Rf1+ 38. Rxf1 Bxe5 39. g3 Kg7 40. Rf5 Bf6 41. a3 g4 42. Rf4 Rd4 43. Rf5 Kg6 44. Rf2 Rd1+ 45. Kg2 Bd4 0-1

[Event "Kuzbass-ch"]
[Site "Kemerovo"]
[Date "2010.10.28"]
[Round "7"]
[White "Ponomarenko, Natalia"]
[Black "Zimin, Ivan"]
[Result "1-0"]
[WhiteElo "1926"]
[BlackElo "2099"]
[PlyCount "63"]
[EventDate "2010.10.23"]
[EventType "swiss"]
[EventRounds "9"]
[EventCountry "RUS"]
[SourceTitle "EXT 2011"]
[Source "ChessBase"]
[SourceDate "2010.11.26"]
[SourceVersion "1"]
[SourceVersionDate "2010.11.26"]
[SourceQuality "1"]

1. d4 d6 2. Nf3 c6 3. c4 Nd7 4. Nc3 Qc7 5. g3 e5 6. Bg2 Ngf6 7. e4 Be7 8. 0-0 0-0 9. b3 Re8 10. Bb2 Bf8 11. Qc2 g6 12. Rad1 Bg7 13. d5 c5 14. Ba3 Nb6 15. Nb5 Qe7 16. b4 a6 17. Nxd6 Qxd6 18. bxc5 Qf8 19. Qb3 Nbd7 20. c6 Nc5 21. Bxc5 Qxc5 22. cxb7 Bxb7 23. Qxb7 Reb8 24. Qc6 Qxc6 25. dxc6 Nxe4 26. Nxe5 Nc3 27. Nd7 Rb2 28. Nb6 Re8 29. c7 Nxd1 30. Rxd1 Rxb6 31. Rd8 Rb1+ 32. Bf1 1-0

[Event "Kuzbass-ch"]
[Site "Kemerovo"]
[Date "2010.10.27"]
[Round "6"]
[White "Ponomarenko, Natalia"]
[Black "Ermakov, Jan"]
[Result "0-1"]
[WhiteElo "1926"]
[BlackElo "2183"]
[PlyCount "58"]
[EventDate "2010.10.23"]
[EventType "swiss"]
[EventRounds "9"]
[EventCountry "RUS"]
[SourceTitle "EXT 2011"]
[Source "ChessBase"]
[SourceDate "2010.11.26"]
[SourceVersion "1"]
[SourceVersionDate "2010.11.26"]
[SourceQuality "1"]

1. d4 Nf6 2. Nf3 g6 3. c4 Bg7 4. g3 c6 5. Bg2 d5 6. cxd5 cxd5 7. 0-0 0-0 8. Nc3 Nc6 9. Ne5 e6 10. Nxc6 bxc6 11. Na4 Nd7 12. b3 c5 13. Bb2 Ba6 14. dxc5 Bxb2 15. Nxb2 Nxc5 16. Qd4 Qb6 17. Rfc1 Rac8 18. e3 Nd7 19. Qd2 Ne5 20. Na4 Qd6 21. Rxc8 Rxc8 22. Rc1 Rxc1+ 23. Qxc1 d4 24. Qd2 d3 25. f4 Ng4 26. Nb2 Qc5 27. Be4 Nxe3 28. Nxd3 Qd4 29. Kh1 Qxe4+ 0-1

[Event "Kuzbass-ch"]
[Site "Kemerovo"]
[Date "2010.10.25"]
[Round "4"]
[White "Ponomarenko, Natalia"]
[Black "Medvedev, Emelian"]
[Result "1-0"]
[WhiteElo "1926"]
[BlackElo "2090"]
[PlyCount "115"]
[EventDate "2010.10.23"]
[EventType "swiss"]
[EventRounds "9"]
[EventCountry "RUS"]
[SourceTitle "EXT 2011"]
[Source "ChessBase"]
[SourceDate "2010.11.26"]
[SourceVersion "1"]
[SourceVersionDate "2010.11.26"]
[SourceQuality "1"]

1. d4 d5 2. c4 e5 3. e3 exd4 4. exd4 Nf6 5. Nf3 Bg4 6. Be2 dxc4 7. Bxc4 Nc6 8. Qb3 Bb4+ 9. Bd2 Qe7+ 10. Kf1 0-0 11. d5 Bxf3 12. dxc6 Bxd2 13. gxf3 Rad8 14. Nxd2 Rxd2 15. cxb7 Qc5 16. Be2 Qe5 17. Qb5 Qxb5 18. Bxb5 Rxb2 19. Bc6 Rb6 20. Rc1 Rb8 21. Kg2 Kf8 22. Rhe1 g6 23. Re3 Nh5 24. Re4 Ng7 25. Bd5 Ne8 26. Rf4 f5 27. Rfc4 Ke7 28. f4 Kf8 29. a4 a6 30. a5 Rb2 31. Re1 Rd8 32. Rc5 Nf6 33. Rxc7 Rxd5 34. Rc8+ Kg7 35. b8Q Rxb8 36. Rxb8 Rxa5 37. Re7+ Kh6 38. Rbb7 Rc5 39. Re6 Nd5 40. Rxa6 Nxf4+ 41. Kf3 Rc4 42. Raa7 Kg5 43. Rc7 Rb4 44. Ra3 h6 45. Rca7 Rb2 46. h4+ Kxh4 47. Kxf4 Rxf2+ 48. Ke3 Kg3 49. R3a6 f4+ 50. Kd3 g5 51. Rxh6 g4 52. Rg6 Kf3 53. Ra3 g3 54. Kd4+ Kg2 55. Ke4 f3 56. Kf4 Kh1 57. Rxg3 Re2 58. Rgxf3 1-0

[Event "Kuzbass-ch"]
[Site "Kemerovo"]
[Date "2010.10.24"]
[Round "2"]
[White "Ponomarenko, Natalia"]
[Black "Gutov, Andrey"]
[Result "0-1"]
[WhiteElo "1926"]
[BlackElo "2461"]
[PlyCount "32"]
[EventDate "2010.10.23"]
[EventType "swiss"]
[EventRounds "9"]
[EventCountry "RUS"]
[SourceTitle "EXT 2011"]
[Source "ChessBase"]
[SourceDate "2010.11.26"]
[SourceVersion "1"]
[SourceVersionDate "2010.11.26"]
[SourceQuality "1"]

1. d4 c5 2. Nf3 cxd4 3. Nxd4 d5 4. e3 e5 5. Nf3 Nc6 6. Be2 Nf6 7. 0-0 Bd6 8. c4 dxc4 9. Bxc4 e4 10. Nd4 Bxh2+ 11. Kxh2 Ng4+ 12. Kg1 Qh4 13. Bxf7+ Ke7 14. Nxc6+ bxc6 15. Re1 Qh2+ 16. Kf1 Ba6+ 0-1

[Event "Kemerovo op 08"]
[Site "Kemerovo"]
[Date "2010.08.22"]
[Round "3"]
[White "Ponomarenko, Natalia"]
[Black "Ushacov, Vladimir"]
[Result "0-1"]
[WhiteElo "1927"]
[BlackElo "2145"]
[PlyCount "82"]
[EventDate "2010.08.21"]
[EventType "swiss"]
[EventRounds "9"]
[EventCountry "RUS"]
[SourceTitle "CBM 138 Extra"]
[Source "ChessBase"]
[SourceDate "2010.10.29"]
[SourceVersion "1"]
[SourceVersionDate "2010.10.29"]
[SourceQuality "1"]

1. d4 Nf6 2. c4 c5 3. Nf3 cxd4 4. Nxd4 e5 5. Nb3 d5 6. cxd5 Qxd5 7. Qc2 Bb4+ 8. Bd2 Bxd2+ 9. N3xd2 0-0 10. Nc3 Qc6 11. e4 a6 12. Be2 b5 13. a3 Be6 14. 0-0 Nbd7 15. Rac1 Rac8 16. Qb1 Qb7 17. b4 Rc7 18. Qb2 Rfc8 19. Rc2 Rc6 20. Rfc1 Qc7 21. Qb1 Nb8 22. Bf3 Qd6 23. Ne2 Rxc2 24. Rxc2 Nc6 25. h3 h6 26. Nb3 Bc4 27. Rd2 Qe7 28. Nc5 a5 29. Nd3 Rd8 30. Rd1 axb4 31. axb4 Nxb4 32. Nb2 Bb3 33. Rxd8+ Qxd8 34. Nc3 Bc2 35. Qf1 Qd4 36. Nbd1 Bd3 37. Be2 Nxe4 38. Nxb5 Qc4 39. Bxd3 Nxd3 40. f3 Ng3 41. Ne3 Qxb5 0-1

[Event "Berdsk Maestro op 16th"]
[Site "Berdsk"]
[Date "2010.07.11"]
[Round "4"]
[White "Ponomarenko, Natalia"]
[Black "Iksanov, Ruslan"]
[Result "1-0"]
[WhiteElo "1927"]
[BlackElo "1788"]
[PlyCount "67"]
[EventDate "2010.07.08"]
[EventType "swiss"]
[EventRounds "9"]
[EventCountry "RUS"]
[SourceTitle "EXT 2011"]
[Source "ChessBase"]
[SourceDate "2010.11.26"]
[SourceVersion "1"]
[SourceVersionDate "2010.11.26"]
[SourceQuality "1"]

1. d4 g6 2. c4 Bg7 3. Nf3 Nf6 4. g3 d6 5. Bg2 0-0 6. 0-0 c6 7. Nc3 Nbd7 8. e4 e5 9. d5 Qc7 10. dxc6 bxc6 11. b3 Nc5 12. Re1 a5 13. Ba3 Nfd7 14. Qc2 f5 15. exf5 Rxf5 16. Rad1 Bf8 17. Nh4 Rf6 18. Nd5 cxd5 19. Bxd5+ Kh8 20. Bxa8 Ne6 21. Qd2 Nd4 22. Bg2 Bb7 23. f4 Bh6 24. Bb2 Bxg2 25. Qxg2 g5 26. Bxd4 gxh4 27. fxe5 dxe5 28. Bc3 Qc5+ 29. Kh1 hxg3 30. Rxd7 Bf4 31. Rxe5 Kg8 32. Re8+ Qf8 33. Rxf8+ Rxf8 34. Qd5+ 1-0

[Event "Kemerovo op"]
[Site "Kemerovo"]
[Date "2009.10.23"]
[Round "9"]
[White "Ponomarenko, Natalia"]
[Black "Sinkin, Boris"]
[Result "1-0"]
[WhiteElo "1927"]
[BlackElo "1985"]
[PlyCount "49"]
[EventDate "2009.10.16"]
[EventType "swiss"]
[EventRounds "9"]
[EventCountry "RUS"]
[SourceTitle "EXT 2010"]
[Source "ChessBase"]
[SourceDate "2010.11.25"]
[SourceVersion "1"]
[SourceVersionDate "2010.11.25"]
[SourceQuality "1"]

1. d4 d5 2. c4 e6 3. Nf3 Nf6 4. g3 Be7 5. Bg2 0-0 6. Qc2 Nbd7 7. Nbd2 c6 8. 0-0 Re8 9. e4 dxe4 10. Nxe4 Nxe4 11. Qxe4 Bf6 12. Re1 Nb6 13. b3 a5 14. Bf4 a4 15. Rad1 axb3 16. axb3 Bd7 17. Ne5 Re7 18. Rc1 Be8 19. Be3 g6 20. Ng4 Bg7 21. Bg5 f6 22. Nxf6+ Kh8 23. Qh4 h5 24. Nxe8 Qxe8 25. Bxe7 1-0

[Event "Kemerovo op"]
[Site "Kemerovo"]
[Date "2009.10.22"]
[Round "8"]
[White "Savintsev, Dmitriy"]
[Black "Ponomarenko, Natalia"]
[Result "1-0"]
[WhiteElo "1838"]
[BlackElo "1927"]
[PlyCount "93"]
[EventDate "2009.10.16"]
[EventType "swiss"]
[EventRounds "9"]
[EventCountry "RUS"]
[SourceTitle "EXT 2010"]
[Source "ChessBase"]
[SourceDate "2010.11.25"]
[SourceVersion "1"]
[SourceVersionDate "2010.11.25"]
[SourceQuality "1"]

1. h4 d5 2. d3 c5 3. h5 h6 4. Na3 e5 5. c4 Nf6 6. g3 Bg4 7. Bg2 Nc6 8. Bd2 d4 9. Bxc6+ bxc6 10. Qa4 Qd7 11. f3 Bxh5 12. Nh3 Bd6 13. Nf2 e4 14. dxe4 Bxg3 15. Rg1 Bxf2+ 16. Kxf2 g5 17. Nc2 Rc8 18. Ne1 Qh3 19. Rg3 Qh2+ 20. Ng2 Bg6 21. Qxa7 Nh5 22. Rg4 f5 23. Bxg5 Qc7 24. Qxc7 Rxc7 25. exf5 Bxf5 26. Bf4 Rb7 27. Rh4 Nxf4 28. Rxf4 Bc2 29. b3 Ra7 30. Rf6 Ra6 31. Nf4 Ke7 32. Nd5+ Kd7 33. Rg1 Rh7 34. b4 Rxa2 35. Nb6+ Kc7 36. bxc5 Re7 37. Rg8 Bh7 38. Rc8+ Kb7 39. Rcxc6 d3 40. Nd5 Raxe2+ 41. Kg3 Rg7+ 42. Kf4 d2 43. Rb6+ Kc8 44. Rfc6+ Kd8 45. Rb8+ Kd7 46. Rc7+ Ke6 47. Rb6# 1-0

[Event "Kemerovo op"]
[Site "Kemerovo"]
[Date "2009.10.21"]
[Round "7"]
[White "Ponomarenko, Natalia"]
[Black "Kudriashov, Anatoli"]
[Result "1-0"]
[WhiteElo "1927"]
[BlackElo "2318"]
[PlyCount "33"]
[EventDate "2009.10.16"]
[EventType "swiss"]
[EventRounds "9"]
[EventCountry "RUS"]
[SourceTitle "EXT 2010"]
[Source "ChessBase"]
[SourceDate "2010.11.25"]
[SourceVersion "1"]
[SourceVersionDate "2010.11.25"]
[SourceQuality "1"]

1. d4 Nf6 2. c4 d5 3. Nf3 e6 4. g3 Bb4+ 5. Bd2 Bxd2+ 6. Nbxd2 0-0 7. Bg2 dxc4 8. Nxc4 Nc6 9. 0-0 b5 10. Nce5 Bb7 11. Ng5 Nd5 12. Qc2 Qxg5 13. Nxc6 Rfc8 14. Qc5 Bxc6 15. Qxc6 a6 16. Qc5 Rab8 17. e4 1-0

[Event "Kemerovo op"]
[Site "Kemerovo"]
[Date "2009.10.20"]
[Round "6"]
[White "Ponomarenko, Natalia"]
[Black "Kalashnikov, Aleksandr"]
[Result "1-0"]
[WhiteElo "1927"]
[BlackElo "1844"]
[PlyCount "39"]
[EventDate "2009.10.16"]
[EventType "swiss"]
[EventRounds "9"]
[EventCountry "RUS"]
[SourceTitle "EXT 2010"]
[Source "ChessBase"]
[SourceDate "2010.11.25"]
[SourceVersion "1"]
[SourceVersionDate "2010.11.25"]
[SourceQuality "1"]

1. d4 d5 2. c4 e6 3. Nf3 f5 4. g3 Nf6 5. Bg2 c6 6. b3 Bd6 7. 0-0 0-0 8. Ba3 Bxa3 9. Nxa3 Ne4 10. Nc2 Nd7 11. Nce1 b6 12. Nd3 Bb7 13. a4 c5 14. Nf4 Re8 15. Rc1 cxd4 16. cxd5 exd5 17. Nxd4 Rc8 18. Nxf5 Qf6 19. Rxc8 Rxc8 20. Nxd5 1-0

[Event "Kemerovo op"]
[Site "Kemerovo"]
[Date "2009.10.18"]
[Round "4"]
[White "Ponomarenko, Natalia"]
[Black "Ilenko, Aleksei"]
[Result "0-1"]
[WhiteElo "1927"]
[BlackElo "1993"]
[PlyCount "60"]
[EventDate "2009.10.16"]
[EventType "swiss"]
[EventRounds "9"]
[EventCountry "RUS"]
[SourceTitle "EXT 2010"]
[Source "ChessBase"]
[SourceDate "2010.11.25"]
[SourceVersion "1"]
[SourceVersionDate "2010.11.25"]
[SourceQuality "1"]

1. d4 d5 2. c4 c6 3. Qc2 Nf6 4. Nf3 Nbd7 5. Nbd2 e6 6. g3 Bd6 7. Bg2 0-0 8. 0-0 h6 9. e4 dxe4 10. Nxe4 Nxe4 11. Qxe4 Nf6 12. Qe2 c5 13. Be3 cxd4 14. Bxd4 Re8 15. Rfd1 Bc7 16. Bxa7 Qe7 17. Bd4 e5 18. Be3 e4 19. Nd4 Bg4 20. Qc2 Bxd1 21. Qxd1 Rad8 22. Qb3 Bb8 23. Nf5 Qe5 24. Nd4 Rxd4 25. Bxd4 Qxd4 26. Qxb7 e3 27. fxe3 Qxe3+ 28. Kh1 Ng4 29. Bd5 Qf2 30. Bg2 Re1+ 0-1

[Event "Kemerovo Sports School-ch"]
[Site "Kemerovo"]
[Date "2008.10.24"]
[Round "6"]
[White "Savintsev, Dmitriy"]
[Black "Ponomarenko, Natalia"]
[Result "0-1"]
[WhiteElo "1859"]
[BlackElo "1955"]
[PlyCount "64"]
[EventDate "2008.10.18"]
[EventType "swiss"]
[EventRounds "9"]
[EventCountry "RUS"]
[SourceTitle "EXT 2022"]
[Source "ChessBase"]
[SourceDate "2021.10.06"]
[SourceVersion "1"]
[SourceVersionDate "2021.10.06"]
[SourceQuality "1"]

1. c4 c5 2. Nc3 Nc6 3. g3 g6 4. Bg2 Bg7 5. b3 e6 6. Bb2 Nge7 7. Qc1 0-0 8. Nf3 b6 9. h4 d5 10. d3 d4 11. Nb5 a6 12. Na3 Bb7 13. h5 Ne5 14. Qf4 Qc7 15. 0-0-0 Rac8 16. Qh4 Nf5 17. Qh3 Bh6+ 18. Kc2 g5 19. Bc1 g4 20. Qh2 gxf3 21. exf3 Nxf3 22. Qh3 Kh8 23. g4 Bxc1 24. gxf5 Ng5 25. Qg4 Bxg2 26. Qxg2 Bf4 27. Rh4 h6 28. f6 e5 29. Nb1 Qc6 30. Qg4 Qxf6 31. Nd2 Bxd2 32. Rxd2 Nf3 0-1

[Event "Kemerovo Sports School-ch"]
[Site "Kemerovo"]
[Date "2008.10.18"]
[Round "1"]
[White "Ponomarenko, Natalia"]
[Black "Konyshev, Artem"]
[Result "0-1"]
[WhiteElo "1955"]
[BlackElo "2329"]
[PlyCount "40"]
[EventDate "2008.10.18"]
[EventType "swiss"]
[EventRounds "9"]
[EventCountry "RUS"]
[SourceTitle "EXT 2022"]
[Source "ChessBase"]
[SourceDate "2021.10.06"]
[SourceVersion "1"]
[SourceVersionDate "2021.10.06"]
[SourceQuality "1"]

1. d4 Nf6 2. c4 e6 3. Nf3 b6 4. g3 Ba6 5. b3 Bb4+ 6. Bd2 Be7 7. Bg2 c6 8. 0-0 0-0 9. Nc3 d5 10. cxd5 cxd5 11. Ne5 Nbd7 12. Rc1 Nxe5 13. dxe5 Nd7 14. f4 Rc8 15. Re1 Ba3 16. Rc2 Qc7 17. Be3 Bc5 18. Qd2 Bxe3+ 19. Qxe3 Qc5 20. Kf2 d4 0-1

[Event "EU-ch U16 Girls 18th"]
[Site "Herceg Novi"]
[Date "2008.09.23"]
[Round "8"]
[White "Grigorian, Marine"]
[Black "Ponomarenko, Natalia"]
[Result "1-0"]
[WhiteElo "2131"]
[BlackElo "1961"]
[PlyCount "99"]
[EventDate "2008.09.15"]
[EventType "swiss"]
[EventRounds "9"]
[EventCountry "MNE"]
[SourceTitle "CBM 126 Extra"]
[Source "ChessBase"]
[SourceDate "2008.11.05"]
[SourceVersion "1"]
[SourceVersionDate "2008.11.05"]
[SourceQuality "1"]

1. e4 c5 2. Nc3 Nc6 3. Bb5 g6 4. Bxc6 dxc6 5. d3 Bg7 6. f4 e6 7. Nf3 Ne7 8. 0-0 0-0 9. Qe1 Bd7 10. Be3 b6 11. Kh1 f5 12. Rd1 Qc7 13. Qh4 Rae8 14. Ng5 h6 15. Nf3 Rf7 16. h3 Ref8 17. e5 Nd5 18. Bd2 Qd8 19. Qg3 Kh7 20. Nxd5 cxd5 21. Nh4 g5 22. fxg5 hxg5 23. Bxg5 Bxe5 24. Qe3 Bf6 25. Nf3 Rg8 26. Bxf6 Qxf6 27. Ne5 Rfg7 28. Rd2 Be8 29. c3 Rg3 30. Qf4 Qg5 31. Qxg5 R8xg5 32. Re1 d4 33. cxd4 cxd4 34. Nf3 Rg6 35. Nxd4 Bd7 36. Kh2 f4 37. Re4 Rf6 38. Ne2 Rg7 39. Nxf4 Rgf7 40. g3 Kg8 41. Rde2 b5 42. b4 Rf5 43. Re5 R5f6 44. d4 Kf8 45. a3 Kg8 46. h4 Kh7 47. Nxe6 Rf2+ 48. Kg1 Rf1+ 49. Kg2 Bc6+ 50. d5 1-0

[Event "EU-ch U16 Girls 18th"]
[Site "Herceg Novi"]
[Date "2008.09.21"]
[Round "6"]
[White "Nesic, Dragana"]
[Black "Ponomarenko, Natalia"]
[Result "1/2-1/2"]
[WhiteElo "1873"]
[BlackElo "1961"]
[PlyCount "99"]
[EventDate "2008.09.15"]
[EventType "swiss"]
[EventRounds "9"]
[EventCountry "MNE"]
[SourceTitle "CBM 126 Extra"]
[Source "ChessBase"]
[SourceDate "2008.11.05"]
[SourceVersion "1"]
[SourceVersionDate "2008.11.05"]
[SourceQuality "1"]

1. e4 c5 2. Nc3 Nc6 3. g3 g6 4. Bg2 Bg7 5. f4 d6 6. Nf3 e6 7. 0-0 Nge7 8. d3 0-0 9. Be3 Nd4 10. Bf2 Rb8 11. Rb1 b5 12. Nxd4 cxd4 13. Ne2 e5 14. c3 Bg4 15. cxd4 exd4 16. h3 Bxe2 17. Qxe2 Re8 18. Qd2 Qb6 19. Rbc1 d5 20. e5 f6 21. exf6 Bxf6 22. Rc2 Rbc8 23. Rfc1 Rxc2 24. Rxc2 Qd6 25. Qa5 a6 26. Qc7 Qe6 27. Qb7 g5 28. fxg5 Bxg5 29. Bxd4 Be3+ 30. Bxe3 Qxe3+ 31. Kh2 Qxd3 32. Rc7 Qe2 33. Qxa6 Rf8 34. Qd6 Rf7 35. b3 Kg7 36. a4 bxa4 37. bxa4 Qe3 38. Rd7 Qe1 39. a5 Kf8 40. Bxd5 Rf2+ 41. Bg2 Qe4 42. Qxe7+ Qxe7 43. Rxe7 Kxe7 44. g4 Ra2 45. Kg3 Rxa5 46. Be4 h6 47. h4 Ra3+ 48. Bf3 Ke6 49. Kf4 Ra4+ 50. Be4 1/2-1/2

[Event "EU-ch U16 Girls 18th"]
[Site "Herceg Novi"]
[Date "2008.09.19"]
[Round "5"]
[White "Ponomarenko, Natalia"]
[Black "Narva, Ann"]
[Result "1/2-1/2"]
[WhiteElo "1961"]
[BlackElo "1647"]
[PlyCount "84"]
[EventDate "2008.09.15"]
[EventType "swiss"]
[EventRounds "9"]
[EventCountry "MNE"]
[SourceTitle "CBM 126 Extra"]
[Source "ChessBase"]
[SourceDate "2008.11.05"]
[SourceVersion "1"]
[SourceVersionDate "2008.11.05"]
[SourceQuality "1"]

1. d4 f5 2. c4 g6 3. g3 Nf6 4. Bg2 Bg7 5. Nf3 d6 6. Nc3 0-0 7. 0-0 Qe8 8. d5 a5 9. Nd4 Na6 10. e4 fxe4 11. Nxe4 Nxe4 12. Bxe4 Rb8 13. Re1 Qf7 14. f4 Nc5 15. Bg2 Bg4 16. Nf3 Kh8 17. h3 Bd7 18. Qe2 Rbe8 19. Be3 Ne4 20. Kh2 h6 21. Bd4 Nf6 22. Bc3 e6 23. Qc2 exd5 24. Nh4 Kh7 25. cxd5 b6 26. Rac1 Rc8 27. Re3 Rfe8 28. Rce1 Rxe3 29. Rxe3 Re8 30. Rxe8 Bxe8 31. Qd3 Kg8 32. Bf3 Nd7 33. Bxg7 Qxg7 34. Qe2 Qf7 35. Bg4 Nc5 36. b3 Kg7 37. Qb2+ Qf6 38. Qe2 Qf7 39. f5 g5 40. Ng2 Kf8 41. Ne3 Qe7 42. Nc2 Qf6 1/2-1/2

[Event "Kuzbass-ch"]
[Site "Kemerovo"]
[Date "2007.12.18"]
[Round "4"]
[White "Rekhovsky, Jury"]
[Black "Ponomarenko, Natalia"]
[Result "1-0"]
[WhiteElo "2148"]
[BlackElo "1990"]
[PlyCount "87"]
[EventDate "2007.12.16"]
[EventType "swiss"]
[EventRounds "9"]
[EventCountry "RUS"]
[SourceTitle "CBM 122 Extra"]
[Source "ChessBase"]
[SourceDate "2008.03.04"]
[SourceVersion "1"]
[SourceVersionDate "2008.03.04"]
[SourceQuality "1"]

1. e4 c5 2. Nf3 Nc6 3. Bb5 g6 4. 0-0 Bg7 5. Re1 Nf6 6. Nc3 Nd4 7. Bc4 d6 8. h3 0-0 9. a4 Bd7 10. d3 Bc6 11. Nb5 Nd7 12. Nbxd4 cxd4 13. b4 Ne5 14. Nxe5 Bxe5 15. f4 Bg7 16. Qf3 e6 17. b5 Bd7 18. Ba3 Re8 19. Bxd6 a6 20. e5 axb5 21. axb5 Qb6 22. Reb1 Bf8 23. Bxf8 Rxf8 24. Qf2 Rfd8 25. c3 Be8 26. Rxa8 Rxa8 27. Qxd4 Qxd4+ 28. cxd4 Rd8 29. Ra1 Rxd4 30. Ra8 Kf8 31. g3 Ke7 32. Kf2 Rd7 33. Rb8 Rc7 34. b6 Rd7 35. Ke3 h6 36. Bb5 Rd8 37. Rxb7+ Bd7 38. Kd4 Ke8 39. Rxd7 Rxd7+ 40. Kc5 Kd8 41. Bxd7 Kxd7 42. d4 h5 43. h4 Kc8 44. Kc6 1-0